000 00758nam a2200205Ia 4500
005 20241216011326.0
008 190429s9999||||xx |||||||||||||| ||und||
082 _a618.6
_bC26
100 _aCARDENAS FLORES GINA MARIVEL, HUARICAPCHA PIO NITHZA LIZ
245 0 _aINFLUENCIA DE LOS FACTORES DE RIESGO EN LA INFECCION PUERPERAL EN LAS PACIENTE ATENDIDAS EN EL HOSPITAL MARIA AUXILIADORA LIMA 2004-2005
250 _a0
260 _aCERRO DE PASCO-PERU
_bUNDAC
_c2007
300 _a76 pag.
_c30 cm.
341 _h0
490 _v0
_a0
505 _aMETODOLOGIA DE LA INVESTIGACION/RESULTADOS/DISCUSION/CONCLUSIONES/RECOMENDACIONES/BIBLIOGRAFIA/ANEXO
541 _aD
_bCARDENAS FLORES, GINA MAL
_d02-Dec-08
_oSoles
650 _aObstetricia
942 _cTESIS
999 _c38794
_d38794